| 000 | 00341nam a22001337a 4500 | ||
|---|---|---|---|
| 999 |
_c7886 _d7886 |
||
| 003 | OSt | ||
| 005 | 20200528142150.0 | ||
| 008 | 200528b ||||| |||| 00| 0 eng d | ||
| 020 | _a9787561138373 | ||
| 082 | _a728.809 | ||
| 245 |
_aVilla Design Collection _bPatrick Leung Interiors volume 2 |
||
| 260 |
_bPAL on Mssion Hills _c2009 |
||
| 942 | _2ddc | ||